00644 2200217 4500001002100000005001500021035002000036007000300056008004100059020002200100082000800122084001400130100003000144245010200174250001100276260004500287300004700332650001200379700001900391990001600410INLIS00000000000002320220513084003 a0010-0522000005ta220513 b 0 ind  a978-602-01-1866-6 a372 a372 NOO o0 aNoor Endah Tjahjaningtias1 aORGAN GERAK HEWAN DAN MANUSIA :bTematik Terpadu untuk SD/MI Kelas V /cNoor Endah Tjahjaningtias aRevisi aBandung :bGrafindo Media Pratama,c2017 a130 halaman :bilustrasi berwarna ;c25 cm 4aTematik0 aMomon Sulaeman a00000000021